000 00281nam a2200109Ia 4500
008 200302s9999 xx 000 0 und d
100 _aYi-Fu Tuan
245 _aSpace and Place The Perspective Experience
260 _bEdward Arnold Publishers Ltd.
260 _c1977
300 _a233 P.,
999 _c170
_d170